UM Logo

New York's enhanced collection procedures for delinquent taxpayer: (Record no. 16263)

MARC details
000 -LEADER
fixed length control field 00644nam a22001577a 4500
008 - FIXED-LENGTH DATA ELEMENTS--GENERAL INFORMATION
fixed length control field 210916b ||||| |||| 00| 0 eng d
022 ## - INTERNATIONAL STANDARD SERIAL NUMBER
International Standard Serial Number 0732-8435
082 ## - DEWEY DECIMAL CLASSIFICATION NUMBER
Classification number DPer 657.05 C33 Apr - Sept 2016, v86 n4-9
100 ## - MAIN ENTRY--PERSONAL NAME
Personal name Rosenthal, Corey
9 (RLIN) 42781
245 ## - TITLE STATEMENT
Title New York's enhanced collection procedures for delinquent taxpayer:
Remainder of title driver's license suspension program/
Statement of responsibility, etc. Corey Rosenthal and Annie Yang.
260 ## - PUBLICATION, DISTRIBUTION, ETC. (IMPRINT)
Place of publication, distribution, etc. New York:
Name of publisher, distributor, etc. The New York State Society of CPA,
Date of publication, distribution, etc. ©2016.
300 ## - PHYSICAL DESCRIPTION
Extent v86 n5, pages 64-65;
Other physical details illustrations:
Dimensions 28 cm.
650 ## - SUBJECT ADDED ENTRY--TOPICAL TERM
Topical term or geographic name as entry element Taxation
Geographic subdivision United States of America.
9 (RLIN) 43034
700 ## - ADDED ENTRY--PERSONAL NAME
Personal name Yang, A.
Relator term Author.
9 (RLIN) 43590
942 ## - ADDED ENTRY ELEMENTS (KOHA)
Source of classification or shelving scheme Dewey Decimal Classification
Koha item type Periodicals
Holdings
Withdrawn status Lost status Source of classification or shelving scheme Damaged status Not for loan Collection code Home library Current library Date acquired Total Checkouts Full call number Date last seen Price effective from Koha item type Public note
    Dewey Decimal Classification     Periodicals UM Digos College - LIC UM Digos College - LIC 09/16/2021   DPer 657.05 C33 Apr - Sept 2016, v86 n4-9 09/16/2021 09/16/2021 Periodicals Periodical article